| 000 | 01488nam a22004097a 4500 | ||
|---|---|---|---|
| 001 | 1405543 | ||
| 003 | OSt | ||
| 005 | 20210419081719.0 | ||
| 008 | 830330s1983 enka b 000 1 eng | ||
| 010 | _a 83006284 | ||
| 020 | _a0192815903 (pbk.) | ||
| 040 |
_aDLC _cDLC _dDLC _beng |
||
| 041 | _aeng | ||
| 050 | 0 | 0 |
_aPR5684 _b.P7 1983 |
| 080 |
_a821.111 _bT-87 |
||
| 082 | 0 | 0 |
_a823/.8 _219 |
| 100 | 1 |
_aTrollope, Anthony, _d1815-1882. |
|
| 245 | 1 | 4 |
_aThe prime minister / _cAnthony Trollope ; introduced by John McCormick ; edited by Jennifer Uglow ; with illustrations by Hector Whistler. _b/ by: Oxford University Press |
| 260 |
_aOxford [Oxfordshire] ; _aNew York _bOxford University Press _c1983. |
||
| 300 |
_axxxiv, 438 p. _bill. _c19 cm. |
||
| 365 | _b6.95 usd | ||
| 440 | 4 | _aThe World's classics | |
| 490 | 1 | _aThe Centenary edition of Anthony Trollope's Palliser novels | |
| 490 | 0 | _aOxford paperbacks | |
| 504 | _aBibliography: p. xxiv-xxv. | ||
| 650 | 0 |
_aPalliser, Plantagenet (Fictitious character) _xFiction. |
|
| 650 | 0 |
_aEnglish literature _9254 |
|
| 650 | 0 |
_aPrime ministers _vFiction. |
|
| 651 | 0 |
_aLondon (England) _vFiction. |
|
| 653 | _aინგლისური ლიტერატურა | ||
| 655 | 7 |
_aPolitical fiction. _2lcsh |
|
| 700 | 1 |
_aMcCormick, John, _d1918- |
|
| 700 | 1 | _aUglow, Jennifer S. | |
| 800 | 1 |
_aTrollope, Anthony, _d1815-1882. _tPalliser novels. |
|
| 906 |
_a7 _bcbc _corignew _d1 _eocip _f19 _gy-gencatlg |
||
| 942 |
_2udc _cBK |
||
| 999 |
_c1855 _d1855 |
||